|
|
|
|
| LEADER |
00611cam a2200193 7i4500 |
| 001 |
0000033127 |
| 005 |
20190515090000.0 |
| 007 |
##ta |
| 008 |
190515s2014 my |
| 020 |
# |
# |
|a 9789836245649
|
| 090 |
0 |
0 |
|a B 899.2333
|b RAM (LRM)
|
| 100 |
1 |
# |
|a Ramlee Awang Murshid
|e author
|
| 245 |
1 |
0 |
|a Igauan Maut
|c Ramlee Awang Murshid.
|
| 260 |
0 |
# |
|a Kuala Lumpur:
|b Dewan bahasa dan Pustaka,
|c 2014.
|
| 300 |
# |
# |
|a 164 pages:
|b illustrations;
|c 20 cm.
|
| 650 |
# |
0 |
|a Government publications --
|z Malaysia
|
| 650 |
# |
0 |
|a Malay fiction
|
| 650 |
# |
0 |
|a Malaysian fiction (Malay)
|
| 999 |
|
|
|a B000037455
|b Book
|c Book
|e Business Information Centre
|